[Event "DEN-ch Blitz"]
[Site "Snekkersten"]
[Date "2024.09.01"]
[Round "13"]
[White "Meskenas, Paulius"]
[Black "Wehding, Anton Bonsvig"]
[Result "1-0"]
[WhiteElo "2216"]
[BlackElo "1988"]
[PlyCount "85"]
[EventDate "2024.09.01"]
[EventType "swiss (blitz)"]
[EventRounds "13"]
[EventCountry "DEN"]
[SourceTitle "CBM 221 Extra"]
[Source "ChessBase"]
[SourceDate "2024.09.30"]
[SourceVersion "1"]
[SourceVersionDate "2024.09.30"]
[SourceQuality "1"]

1. e4 c5 2. Nf3 Nc6 3. Nc3 Nf6 4. d4 cxd4 5. Nxd4 e5 6. Ndb5 d6 7. f3 a6 8. Na3 b5 9. Nd5 Be7 10. Be3 0-0 11. Be2 Nxd5 12. exd5 Nb8 13. 0-0 Bf5 14. c4 bxc4 15. Nxc4 Nd7 16. Rc1 Rb8 17. Qa4 Bg5 18. Rfd1 Bxe3+ 19. Nxe3 Qb6 20. Kf2 Nc5 21. Qc6 Bd7 22. Qxb6 Rxb6 23. Nc4 Rb4 24. Nxd6 Na4 25. b3 Nb6 26. Rc7 g6 27. Rdc1 Bb5 28. Bxb5 axb5 29. R7c5 Rd4 30. Nxb5 Rd2+ 31. Kg1 Nxd5 32. R5c2 Rd3 33. Rc4 Rd2 34. R1c2 Rd1+ 35. Kf2 Nf4 36. Nc3 Ra1 37. Ne4 Rd8 38. a4 Rdd1 39. Ng3 Rg1 40. Ke3 Rae1+ 41. Kd2 Rxg2+ 42. Kxe1 Nd3+ 43. Kf1 1-0

[Event "DEN-ch sf1"]
[Site "Svendborg"]
[Date "2024.03.29"]
[Round "1"]
[White "Wehding, Anton Bonsvig"]
[Black "Medhus, Vitus Bondo"]
[Result "1/2-1/2"]
[WhiteElo "2056"]
[BlackElo "2096"]
[PlyCount "107"]
[EventDate "2024.03.29"]
[EventType "swiss"]
[EventRounds "7"]
[EventCountry "DEN"]
[SourceTitle "CBM 219 Extra"]
[Source "ChessBase"]
[SourceDate "2024.05.31"]
[SourceVersion "1"]
[SourceVersionDate "2024.05.31"]
[SourceQuality "1"]

1. c4 c5 2. Nc3 Nc6 3. Nf3 e5 4. g3 f5 5. d3 Nf6 6. Bg2 Be7 7. 0-0 0-0 8. e4 d6 9. Ne1 f4 10. gxf4 exf4 11. Bxf4 Nxe4 12. Nd5 Nf6 13. Nxe7+ Qxe7 14. Nc2 Ng4 15. Qd2 Qf6 16. Bg3 Nge5 17. f4 Ng4 18. h3 Nh6 19. b4 Nf5 20. Bf2 Nh4 21. Bxh4 Qxh4 22. Kh2 Bf5 23. b5 Ne7 24. Ne3 Rf6 25. Rad1 Raf8 26. d4 Bc8 27. dxc5 dxc5 28. Nd5 Nxd5 29. Qxd5+ Be6 30. Qxc5 Rxf4 31. Rd4 g5 32. Qd6 R8f6 33. Qe7 Bf7 34. Rfxf4 gxf4 35. Rd8+ Kg7 36. Qf8+ Kg6 37. Be4+ Kh5 38. Qc5+ Kh6 39. Rd3 b6 40. Qf8+ Kh5 41. Qg7 Qf2+ 42. Bg2 f3 43. Qxh7+ Kg5 44. Qg7+ Kh5 45. Rxf3 Rxf3 46. Qg4+ Kh6 47. Qxf3 Qxf3 48. Bxf3 Bxc4 49. a4 Bb3 50. Kg3 Bxa4 51. Be2 Kg6 52. Kf4 Kf6 53. Bc4 Bd1 54. h4 1/2-1/2

[Event "Copenhagen Obro CXU New Year op"]
[Site "Copenhagen"]
[Date "2023.12.30"]
[Round "7"]
[White "Wehding, Anton Bonsvig"]
[Black "Ramsdal, Mikkel"]
[Result "1-0"]
[WhiteElo "1929"]
[BlackElo "1792"]
[PlyCount "125"]
[EventDate "2023.12.27"]
[EventType "swiss"]
[EventRounds "7"]
[EventCountry "DEN"]
[SourceTitle "CBM 217 Extra"]
[Source "ChessBase"]
[SourceDate "2024.01.31"]
[SourceVersion "1"]
[SourceVersionDate "2024.01.31"]
[SourceQuality "1"]

1. c4 c5 2. Nf3 Nf6 3. g3 g6 4. Bg2 Bg7 5. 0-0 0-0 6. e3 e6 7. d4 cxd4 8. Nxd4 d5 9. cxd5 Nxd5 10. Nd2 Nd7 11. b3 Re8 12. Ba3 Bxd4 13. exd4 b5 14. Ne4 b4 15. Bb2 Qb6 16. a3 Rb8 17. axb4 Nxb4 18. Nd2 Nd5 19. Nc4 Qxb3 20. Qxb3 Rxb3 21. Rxa7 N7b6 22. Nxb6 Rxb6 23. Ba3 Bb7 24. Bc5 Rb2 25. Re1 Ra8 26. Rxa8+ Bxa8 27. g4 Kg7 28. h4 Bb7 29. Ba3 Rb3 30. Bd6 Rb6 31. Be5+ Kf8 32. Kh2 Rb2 33. Kg3 Rb3+ 34. Kh2 Rb2 35. Kg1 Rb3 36. Rc1 Rb2 37. h5 Rb3 38. Kh2 Kg8 39. Bxd5 exd5 40. f4 Kf8 41. Bf6 Rb6 42. g5 Re6 43. Kg3 Ba6 44. hxg6 hxg6 45. Rh1 Ke8 46. Rh8+ Kd7 47. Rd8+ Kc6 48. Rf8 Bd3 49. Rxf7 Kb5 50. Be5 Be4 51. Kg4 Bd3 52. f5 gxf5+ 53. Rxf5 Bxf5+ 54. Kxf5 Re8 55. g6 Kc6 56. g7 Kd7 57. Kf6 Re6+ 58. Kf7 Re7+ 59. Kg6 Re6+ 60. Kh7 Re7 61. Kh8 Re6 62. g8Q Rh6+ 63. Kg7 1-0

[Event "Copenhagen GoAudit op"]
[Site "Copenhagen"]
[Date "2023.11.11"]
[Round "5"]
[White "Wehding, Anton Bonsvig"]
[Black "Guindy, Esmat Susanne"]
[Result "1/2-1/2"]
[WhiteElo "2011"]
[BlackElo "2021"]
[PlyCount "93"]
[EventDate "2023.11.10"]
[EventType "swiss"]
[EventRounds "7"]
[EventCountry "DEN"]
[SourceTitle "CBM 217 Extra"]
[Source "ChessBase"]
[SourceDate "2024.01.31"]
[SourceVersion "1"]
[SourceVersionDate "2024.01.31"]
[SourceQuality "1"]

1. c4 e6 2. g3 d5 3. Bg2 Nf6 4. Nf3 Be7 5. 0-0 0-0 6. b3 c5 7. cxd5 Nxd5 8. Bb2 Nc6 9. Nc3 Nc7 10. Rc1 Rb8 11. Ne4 b6 12. d4 f5 13. Ned2 Bb7 14. Nc4 Bf6 15. Nfe5 Nxd4 16. e3 Bxg2 17. Kxg2 Qd5+ 18. f3 b5 19. exd4 bxc4 20. Rxc4 cxd4 21. Qxd4 Nb5 22. Qe3 Rfd8 23. Rf2 Rb6 24. Rfc2 Na3 25. Bxa3 Bxe5 26. Rc5 Qd1 27. Qxe5 Rd2+ 28. Rxd2 Qxd2+ 29. Kg1 Qd1+ 30. Kf2 Qd2+ 31. Qe2 Qd4+ 32. Qe3 Qa1 33. Qd2 Qh1 34. Ke3 Qg1+ 35. Kf4 h6 36. Rc1 e5+ 37. Kxf5 Rf6+ 38. Kg4 Qb6 39. Kh3 Qb7 40. Rd1 Ra6 41. Qd8+ Kh7 42. Qd3+ Kg8 43. Bc1 Rxa2 44. Qd8+ Kh7 45. Qd3+ Kg8 46. Qd8+ Kh7 47. Qd3+ 1/2-1/2

[Event "Copenhagen GoAudit op"]
[Site "Copenhagen"]
[Date "2023.11.10"]
[Round "3"]
[White "Wehding, Anton Bonsvig"]
[Black "Gregor, Bjarke"]
[Result "0-1"]
[WhiteElo "2011"]
[BlackElo "2155"]
[PlyCount "66"]
[EventDate "2023.11.10"]
[EventType "swiss"]
[EventRounds "7"]
[EventCountry "DEN"]
[SourceTitle "CBM 217 Extra"]
[Source "ChessBase"]
[SourceDate "2024.01.31"]
[SourceVersion "1"]
[SourceVersionDate "2024.01.31"]
[SourceQuality "1"]

1. d4 Nf6 2. Nf3 e6 3. Bf4 d5 4. e3 Bd6 5. Bg3 c5 6. c3 Qc7 7. Nbd2 Nbd7 8. Bd3 0-0 9. 0-0 Bxg3 10. hxg3 e5 11. dxe5 Nxe5 12. Nxe5 Qxe5 13. Nf3 Qe7 14. Qc2 b6 15. b3 Bb7 16. a4 a6 17. Rad1 Rad8 18. Qe2 Ne4 19. Bxe4 dxe4 20. Nd2 Qf6 21. Rc1 Rd3 22. Nb1 Rfd8 23. Qa2 h5 24. b4 h4 25. bxc5 bxc5 26. Qb2 Ba8 27. gxh4 Qxh4 28. Na3 R3d6 29. g3 Qh3 30. f4 Qxg3+ 31. Qg2 Qxe3+ 32. Qf2 Rg6+ 33. Kh2 Rd2 0-1

[Event "Copenhagen Obro New Year op"]
[Site "Copenhagen"]
[Date "2022.12.27"]
[Round "1"]
[White "Ramsdal, Jens Albert"]
[Black "Wehding, Anton Bonsvig"]
[Result "1-0"]
[WhiteElo "2320"]
[BlackElo "1835"]
[PlyCount "69"]
[EventDate "2022.12.27"]
[EventType "swiss"]
[EventRounds "7"]
[EventCountry "DEN"]
[SourceTitle "CBM 211 Extra"]
[Source "ChessBase"]
[SourceDate "2023.01.31"]
[SourceVersion "1"]
[SourceVersionDate "2023.01.31"]
[SourceQuality "1"]

1. Nf3 d5 2. g3 Nf6 3. Bg2 Bf5 4. 0-0 e6 5. d3 Be7 6. Nbd2 0-0 7. h3 Nbd7 8. Re1 Bg6 9. b3 e5 10. Nh4 c6 11. Bb2 Bh5 12. Qc1 Ne8 13. Nhf3 f6 14. e4 d4 15. g4 Bf7 16. Nf1 Nc5 17. Ng3 Ne6 18. Qd1 Bb4 19. Rf1 Nf4 20. a3 Be7 21. Bc1 Nxg2 22. Kxg2 Nc7 23. Ng1 Ne6 24. N1e2 Bd6 25. Nf5 c5 26. a4 a6 27. h4 h5 28. Neg3 Nf4+ 29. Bxf4 exf4 30. gxh5 fxg3 31. Qg4 g6 32. hxg6 Be6 33. Qh5 Qd7 34. Nxd6 Bg4 35. Qh7+ 1-0

[Event "Copenhagen GoAudit op"]
[Site "Copenhagen"]
[Date "2021.11.12"]
[Round "1"]
[White "Wehding, Anton Bonsvig"]
[Black "Kistrup, Nicolai"]
[Result "1/2-1/2"]
[WhiteElo "1665"]
[BlackElo "2276"]
[PlyCount "92"]
[EventDate "2021.11.12"]
[EventType "swiss"]
[EventRounds "7"]
[EventCountry "DEN"]
[SourceTitle "CBM 205 Extra"]
[Source "ChessBase"]
[SourceDate "2022.01.31"]
[SourceVersion "1"]
[SourceVersionDate "2022.01.31"]
[SourceQuality "1"]

1. Nf3 d5 2. b3 c5 3. Bb2 Nc6 4. e3 Nf6 5. d4 e6 6. c4 cxd4 7. exd4 Bb4+ 8. Nc3 Ne4 9. Rc1 Qa5 10. Qc2 Qxa2 11. Bd3 Bxc3+ 12. Bxc3 Qxc2 13. Rxc2 Nxc3 14. Rxc3 Nb4 15. Be2 Bd7 16. Ne5 f6 17. Nxd7 Kxd7 18. 0-0 Rhc8 19. f4 Kd6 20. g4 Nc6 21. Rd1 g5 22. Rh3 Rh8 23. Rh6 dxc4 24. Bxc4 Na5 25. Rxf6 Nxc4 26. bxc4 gxf4 27. Re1 Rhe8 28. Rxf4 Rac8 29. Rf7 Rxc4 30. Rxb7 Rxd4 31. Rxa7 Rxg4+ 32. Kf2 Rf8+ 33. Ke3 Rh4 34. Rd1+ Kc5 35. Rc7+ Kb6 36. Re7 Rxh2 37. Rxe6+ Kc5 38. Re5+ Kc4 39. Rc1+ Kb3 40. Rb5+ Ka4 41. Rb7 Rh3+ 42. Kd4 Rf4+ 43. Ke5 Rff3 44. Ra1+ Ra3 45. Ra7+ Kb4 46. R1xa3 Rxa3 1/2-1/2

[Event "Copenhagen GoAudit op"]
[Site "Copenhagen"]
[Date "2019.11.08"]
[Round "2"]
[White "Hald Falkesgaard, Jeppe"]
[Black "Wehding, Anton Bonsvig"]
[Result "1-0"]
[WhiteElo "1972"]
[BlackElo "1402"]
[PlyCount "95"]
[EventDate "2019.11.08"]
[EventType "swiss"]
[EventRounds "8"]
[EventCountry "DEN"]
[SourceTitle "EXT 2021"]
[Source "ChessBase"]
[SourceDate "2020.10.23"]
[SourceVersion "1"]
[SourceVersionDate "2020.10.23"]
[SourceQuality "1"]

1. d4 d5 2. c4 c6 3. Nc3 Nf6 4. e3 g6 5. Nf3 Bg7 6. Be2 0-0 7. 0-0 Bf5 8. cxd5 cxd5 9. Qb3 Qd7 10. Ne5 Qd8 11. Qxb7 Nbd7 12. Nxd5 Nxd5 13. Qxd5 Nxe5 14. Qxd8 Rfxd8 15. dxe5 Bxe5 16. f4 Bg7 17. Bf3 Rab8 18. e4 Bd7 19. e5 f6 20. Bd5+ e6 21. exf6 Bxf6 22. Bb3 Bb5 23. Re1 Kg7 24. Rxe6 Re8 25. f5 Rxe6 26. fxe6 Rf8 27. Be3 Bxb2 28. Rd1 Ba3 29. Bxa7 Kf6 30. Rd2 Ke7 31. Rf2 Ra8 32. Rf7+ Ke8 33. Bd4 Rd8 34. Bf6 Rc8 35. g3 Bc5+ 36. Kg2 Bd6 37. Rxh7 Bc6+ 38. Kh3 Rc7 39. Rh8+ Bf8 40. e7 Rxe7 41. Bxe7 Bd7+ 42. g4 Kxe7 43. Rh7+ Kd6 44. Bc2 g5 45. Kg3 Bb5 46. a4 Ba6 47. Rh5 Be7 48. Rh6+ 1-0